000 00415nam a2200181Ia 4500
001 3055
005 20260306144852.0
008 260306t1994||||xx |||||||||||||| ||spa||
041 _aESP
082 _a248.146
_bM26
100 _aMaritain, Jacques
_eAUT
245 0 _aAproximaciones a Dios
260 _c1994
300 _a119 páginas :
_c18 cm.
650 _aGEN
654 _aCHU
942 _cLIB
_dJUS
_fJUS
_2ddc
_n
999 _c3055
_d3055